000 01178 a2200217 4500
001 125299
020 _a9780545060707
040 _cEscola Canadense de Niteroi
090 _aVEL
100 _aVelde, Vivian Vande
245 1 0 _aSmart dog
260 _aUSA
300 _a146 p.
_c4 x 5.12 x 0.49 inches (paperback)
362 0 _a2008
520 _aAmy Prochenko is only in fifth grade, but she already has a sixth grader's problems: She is wildly unpopular, she is the target of prissy Kaitlyn Walker's nastiness, and everyone thinks she and the dweebiest boy in class are an item. Then one day Amy meets Sherlock, a dog on the run from a university lab. Sherlock is not like other dogs: He can talk, he's smarter than most of Amy's classmates--and he needs Amy's help. Suddenly Amy's life is full of danger and excitement, and she finds she is becoming, of all things, popular. Best of all, she finds in Sherlock the sort of friend she's always longed for--the sort of friend she must protect no matter what the cost.
650 4 _aChildren's Literature
650 4 _aSchool Life
650 4 _aHuman and Animal Relations
650 4 _aTeenagers Life
942 _cBK
999 _c125299
_d125299